Formule 1 2020-Vainqueur GP - Statistiques

Statistiques générales
  • Ce quiz a été pris 312 fois
  • Le résultat moyen est 17 sur 17
Statistiques - réponses
Pays Poleman Vainqueur Deuxième Troisième % Correct
Autriche Hamilton Hamilton Bottas Verstappen
100%
Hongrie Hamilton Hamilton Verstappen Bottas
100%
Grande-Bretagne Hamilton Hamilton Verstappen Leclerc
100%
Espagne Hamilton Hamilton Verstappen Bottas
100%
Belgique Hamilton Hamilton Bottas Verstappen
100%
Italie Hamilton Hamilton Bottas Albon
100%
Allemagne Bottas Hamilton Verstappen Ricciardo
100%
Portugal Hamilton Hamilton Bottas Verstappen
100%
Emilie-Romagne Bottas Hamilton Bottas Ricciardo
100%
Turquie Stroll Hamilton Perez Vettel
100%
Barhein Hamilton Hamilton Verstappen Albon
100%
Grande-Bretagne Bottas Verstappen Hamilton Bottas
100%
Emirats arabes unis Verstappen Verstappen Bottas Hamilton
100%
Autiche Bottas Bottas Leclerc Norris
98%
Russie Hamilton Bottas Verstappen Hamilton
98%
Italie Hamilton Gasly Sainz Stroll
92%
Barhein Bottas Perez Ocon Stroll
89%
Aucun quiz correspondant
Distribution des résultats
% des personnes avec chaque résultat
Percentile par nombre de réponses
Votre historique - résultats
Vous n’avez pas pris ce quiz